000 01095nam a2200301 4500
001 0000013582
003 CO-CtgCURN
005 20250512150307.0
007 ta
008 160627s1987 000 0 eng d
020 _a843091384X
040 _aCO-CtgCURN
_bspa
_ccoctgcurn
082 0 _a342.861
_bS15j
100 1 _aSánchez Moron, Miguel.
245 1 0 _aJusticia constitucional /
_cMiguel Sánchez Moron.
260 _aBogotá :
_bTecnos,
_c1987.
300 _a113 p.
336 _2rdacontent
337 _2rdamedia
_asin mediacion
_bn
338 _2rdacarrier
_avolumen
_bnc
490 1 _aBiblioteca de textos legales
500 _aIncluye indice.
505 8 _aTribunal constitucional.--Ley organica del tribunal constitucional.--Normas relativas a la juridicion constitucional.--Modificaciones y normas complementarias de la ley organica del tribunal constitucional
650 1 4 _aAcción de inconstitucionalidad (Derecho comparado.
908 _a160627
942 _cBK
_h342.861
_iS15j
_2ddc
_n0
999 _c19218
_d19218